• 首页
  • 本馆介绍
  • 公告通知
  • 最新文献
  • 馆藏检索
  • 电子资源
  • 读者导购
  • 参考咨询
  • 我的图书馆
  • 登录
  • 详细信息显示
  • 放入我的书架
  • 预约/预借图书
  • 作者相关作品
  • 分类相关作品
  • 丛书相关作品
  • 出版社相关作品

书目信息

  • 表格格式
  • 工作单格式
  • 卡片格式
题名:
常用汉字手册
    
 
作者: 戴连弟 编著
分册:  
出版信息: 河北   唐山师范专科学校  
页数: 101页
开本: 19cm
丛书名:
单 册:
中图分类: H124.1
科图分类:
主题词: 汉字-正字表--师范学校
电子资源:
ISBN:
000 00545nam0 2200193 45
001 0178004823
005 20070618142158.73
010    @d¥1.75
100    @a19950717d1978 em y0chiy0121 ea
101 0  @achi
105    @ay z 000yy
200 10 @a常用汉字手册@Achang yong han zi shou ce@f戴连弟等编著@Fdai lian di deng bian zhu
210    @a河北@c唐山师范专科学校
215    @a101页@d19cm
606    @a汉字-正字表@x师范学校
690    @aH124.1@v3
701  0 @a戴连弟@Adai lian di@4编著
801  0 @aCN@bTSSF@c20070618
905    @a10447@dH124.1@e142
    
    常用汉字手册/戴连弟等编著.-河北:唐山师范专科学校
    101页;19cm
    
    
    ISBN :¥1.75
    
●
相关链接 在E读中查询图书 在五车中查询图书 在当当中查询图书 在豆瓣中查询图书


正题名:常用汉字手册     索取号:H124.1/142         预约/预借

序号 登录号 条形码 馆藏地/架位号 状态 备注
1 0515102   205151020   第二样本阅览室/ [索取号:H124.1/142] 在馆    
2 0515103   205151039   密集书库/ [索取号:H124.1/142] 在馆    
3 0515104   205151048   密集书库/ [索取号:H124.1/142] 在馆    
4 0515105   205151057   密集书库/ [索取号:H124.1/142] 在馆    
5 0515106   205151066   密集书库/ [索取号:H124.1/142] 在馆    
6 0515107   205151075   密集书库/ [索取号:H124.1/142] 在馆    
7 0515108   205151084   密集书库/ [索取号:H124.1/142] 在馆    
8 0515109   205151093   密集书库/ [索取号:H124.1/142] 在馆    
9 0515110   205151100   密集书库/ [索取号:H124.1/142] 在馆    
10 0515111   205151119   密集书库/ [索取号:H124.1/142] 在馆    
11 0515112   205151128   密集书库/ [索取号:H124.1/142] 在馆    
12 0515113   205151137   密集书库/ [索取号:H124.1/142] 在馆    
13 0515114   205151146   密集书库/ [索取号:H124.1/142] 在馆    
14 0515115   205151155   密集书库/ [索取号:H124.1/142] 在馆    
15 0515116   205151164   密集书库/ [索取号:H124.1/142] 在馆    
16 0515117   205151173   密集书库/ [索取号:H124.1/142] 在馆    
17 0515118   205151182   密集书库/ [索取号:H124.1/142] 在馆    
18 0515119   205151191   密集书库/ [索取号:H124.1/142] 在馆    
19 0515120   205151208   密集书库/ [索取号:H124.1/142] 在馆    
20 0515121   205151217   密集书库/ [索取号:H124.1/142] 在馆    
21 0515122   205151226   密集书库/ [索取号:H124.1/142] 在馆    
22 0515123   205151235   密集书库/ [索取号:H124.1/142] 在馆    
23 0515124   205151244   密集书库/ [索取号:H124.1/142] 在馆    
24 0654923   206549234   密集书库/ [索取号:H124.1/142] 在馆    
唐山师范学院图书馆 欢迎您!
大连网信软件有限公司© 版权所有